Wer bin ich? Fußballer anhand von Mitspielern erkennen - 3 - Statistiken

Allgemein
  • Dieses Quiz wurde 29 mal gespielt
  • Das Durchschnittsergebnis liegt bei 3 aus 10
Antwortstatistiken
Mitspieler Gesuchter Spieler % Korrekt
1 Rafael Van der Vaart (28 Spiele) Edin Dzeko (85 Spiele) Ricardo Rodriguez (82 Spiele) Marcus Thuram (74 Spiele) Heung-min Son (41 Spiele) Hakan Calhanoglu
73%
5 Jan Oblak (50 Spiele) Marcel Sabitzer (37 Spiele) Krzysztof Piatek (33 Spiele) Maximilian Mittelstädt (30 Spiele) Goncalo Guedes (25 Spiele) Matheus Cunha
68%
8 Alexandre Lacazette (153 Spiele) Bernd Leno (93 Spiele) Marc Andre Ter Stegen (61 Spiele) Xherdan Shaqiri (46 Spiele) Jonas Hofmann (58 Spiele) Granit Xhaka
55%
4 Antony (72 Spiele) Sebastian Haller (60 Spiele) Yann Sommer (16 Spiele) Klass-Jan Huntelaar (15 Spiele) Dominik Szoboszlai (64 Spiele) Ryan Gravenberch
36%
9 Fabinho (137 Spiele) Victor Lindelöf (31 Spiele) Leroy Sane(73 Spiele) Yannick Carrasco (42 Spiele) Radamel Falcao (41 Spiele) Bernardo Silva
32%
6 Julian Weigl (86 Spiele) Antonio Rüdiger (75 Spiele) Ömer Toprak (44 Spiele) Tammy Abraham (79 Spiele) Ousmane Dembele (39 Spiele)
Christian Pulisic
32%
3 Zlatan Ibrahimovic (48 Spiele) Luka Jovic (33 Spiele) Ante Rebic (65 Spiele) Nicolas Pepe (26 Spiele) Gianluigi Donnarumma (66 Spiele) Rafael Leao
23%
2 Leonardo Bittencourt (27 Spiele) Marko Arnautovic (19 Spiele) Jude Bellingham (31 Spiele) Daniel Carvajal (36 Spiele) Kevin Trapp (31 Spiele) Joselu
9%
7 Kylian Mbappe (29 Spiele) Paulo Dybala (31 Spiele) Richarlison (29 Spiele) Adrien Rabiot (82 Spiele) Matthijs de Ligt (34 Spiele) Moise Kean
9%
10 Robert Lewandowski (109 Spiele) Paul Pogba (96 Spiele) Lionel Messi (81 Spiele) Lautaro Martinez (56 Spiele) Toni Kroos (37 Spiele) Arturo Vidal
5%
Keine übereinstimmenden Quizze gefunden
Verteilung der Resultate
Anzahl Personen mit jedem Resultat
Perzentil nach korrekt beantworteten Fragen
Ihre Resultats-Entwicklung
Sie haben dieses Quiz noch nicht gespielt